[Event "Washington Class"]
[Site "?"]
[Date "1992.11.24"]
[Round "5"]
[White "Kaminski, S."]
[Black "Bailey, B."]
[Result "0-1"]
[WhiteElo "1870"]
[BlackElo "1878"]
[Annotator "Stockfish 14 (15s)"]
[PlyCount "84"]

{C77: Ruy Lopez: 3...a6 4 Ba4 Nf6, unusual lines} 1. e4 e5 2. Nf3 Nc6 3. Bb5 a6
4. Ba4 Nf6 5. d4 exd4 6. e5 Nd5 7. O-O Nb6 (7... Bc5 8. c3 Nb6 9. Bb3 dxc3 10.
Nxc3 O-O 11. Ne4 Be7 12. Bf4 Re8 13. Nfg5 Rf8 14. Qh5 Bxg5 15. Nxg5 h6 16.
Bxf7+ Kh8 17. Qg6 hxg5 18. Qh5# {
1-0 (18) Karasik,E (2194)-Cristofari,A (2084) playchess.com INT 2004}) 8. Bb3
Be7 9. a4 $146 (9. Nxd4 O-O (9... Nxd4 10. Qxd4 O-O 11. Nc3 d6 12. exd6 Bxd6
13. Be3 Bf5 14. Ne2 Be7 15. Qf4 Bg6 16. Rad1 Bd6 17. Qd4 Qe7 18. Nf4 Be4 19. f3
Bc6 20. Nh5 Be5 21. Qg4 Bd7 22. Qe4 Bc6 {
1/2-1/2 (22) Muender,K-Steinke,H Werther 1999}) 10. Nf5 Nxe5 11. Nxe7+ (11. Re1
Bf6 12. Nc3 d5 13. Ng3 c6 14. a4 a5 15. Nh5 Bg4 16. Nxf6+ Qxf6 17. f3 Bh5 18.
Be3 Nbc4 19. Bd4 Qg5 20. Kh1 f6 21. Qe2 Rfe8 22. Qf2 Qf4 23. Ne2 Qh6 24. Ng3
Bg6 25. Re2 Qf4 {Batista,G (2165)-Carvalho,C Jundiai 1998 1-0 (48)}) 11... Qxe7
12. Re1 Qf6 13. Nc3 d6 14. Ne4 Qg6 15. Ng3 Be6 16. Bd2 Bxb3 17. axb3 Rfe8 18.
f4 Nc6 19. f5 Qf6 20. Bc3 Rxe1+ 21. Qxe1 Ne5 22. Qe4 Rb8 23. Re1 Nbd7 {
Molina Cubero Luna,G (1978)-Labena Bernal,A (1884) Spain 2006 0-1 (42)}) (9.
Bf4 O-O 10. a4 d6 11. exd6 Bxd6 $11) 9... Na5 (9... d5 $142 $5 10. Nxd4 Nxe5
$15) 10. Ba2 c5 11. c3 dxc3 $4 (11... d5 $142 12. exd6 Qxd6 13. cxd4 c4 $14)
12. Nxc3 $18 d5 (12... O-O 13. Bf4 c4 $18) 13. Nxd5 (13. exd6 $142 Qxd6 14. Qe1
$18) 13... Nxd5 $11 14. Bxd5 O-O 15. Be3 Rb8 16. Rc1 b6 17. Rc2 Bb7 18. Rd2
Bxd5 19. Rxd5 Qc8 20. Qc2 (20. Bg5 Nc6 $11) 20... Qe6 21. Rfd1 Rfd8 22. Qe4 (
22. Rxd8+ $5 Rxd8 23. Rxd8+ Bxd8 24. Qd3 $11) 22... Rxd5 $15 23. Rxd5 h6 24.
Qd3 $4 (24. g4 $142 $15) 24... Nc6 $19 25. Qd2 $4 (25. Rd7 b5 26. axb5 Rxb5 27.
h4 $19) 25... Nd4 $1 26. Rxd4 (26. Bxd4 Qxd5 {Interception Decoy}) (26. Nxd4
Qxd5 {Interception Decoy}) 26... cxd4 27. Nxd4 Qg6 (27... Qd5 $142 28. Nf5 Qxe5
29. Nxe7+ Qxe7 30. h3 $19) 28. Qc3 (28. h3 Qe4 29. f3 $19) 28... Qb1+ 29. Bc1
Rd8 30. g3 Rxd4 $1 31. Qxd4 Qxc1+ 32. Kg2 Bc5 (32... Qc6+ $142 33. Kg1 $19) 33.
Qc3 (33. Qd8+ Kh7 34. Qd3+ g6 35. b4 $19) 33... Qxc3 34. bxc3 Kf8 35. Kf3 (35.
f4 b5 36. a5 Bd4 $19) 35... Ke7 36. Ke2 Ke6 37. f4 Kd5 38. Kd3 (38. Kf3 a5 $19)
38... Bg1 39. c4+ Kc5 40. f5 Bxh2 41. e6 fxe6 42. fxe6 Kd6 (42... Kd6 43. g4
Kxe6 $19) 0-1

[Event "Washington Class"]
[Site "?"]
[Date "1992.11.29"]
[Round "6"]
[White "Bailey, B."]
[Black "McNall, K."]
[Result "1-0"]
[WhiteElo "1878"]
[BlackElo "1923"]
[Annotator "Stockfish 14 (15s)"]
[PlyCount "93"]

{B00: Queen's Fianchetto Defence, Nimzowitsch Defence} 1. e4 a6 2. d4 b5 3. Nf3
Bb7 4. Bd3 e6 5. O-O c5 6. c3 c4 7. Bc2 Nf6 (7... d6 8. Nfd2 Nf6 9. f4 Nbd7 10.
e5 Nd5 11. Ne4 dxe5 12. fxe5 f5 13. exf6 gxf6 14. b3 h5 15. bxc4 bxc4 16. Ng5
fxg5 17. Bg6+ Ke7 18. Ba3+ Nc5 19. Rf7+ Kd6 20. Bxc5+ Kc6 21. Qa4# {
1-0 (21) Kranzl,P (2300)-Fransson,P (2250) Budapest 1991}) (7... d5 8. Nbd2 Be7
9. Qe2 Nd7 10. e5 a5 11. Ne1 Qb6 12. f4 g6 13. Nef3 h5 14. Ng5 Nh6 15. Ndf3 a4
16. Bd2 Kf8 17. Qf2 Kg7 18. Rae1 Nf8 19. Qg3 Bc8 20. Nh4 Nf5 21. Nxf5+ exf5 22.
Qf3 {Keserovic,M (2230)-Laco,G (2143) Arvier 2006 0-1 (60)}) 8. Bg5 Be7 9. Nbd2
Nc6 $4 $146 (9... d6 10. Qe2 Nbd7 11. Rad1 Qc7 12. e5 dxe5 13. dxe5 Nd5 14.
Bxe7 Nxe7 15. Ne4 Bxe4 16. Qxe4 Rd8 17. Rfe1 Nc5 18. Qe2 Nd5 19. Rd4 h6 20. Rg4
g6 21. Nd4 h5 22. Rg3 Nf4 23. Qf3 Ncd3 24. Bxd3 {
Del Corral Abancens,A-Armengod Arino,J Aragon 2003 1/2-1/2 (75)}) (9... d6 $5
$16) 10. Qe2 (10. d5 $142 Na5 11. d6 $18) 10... O-O 11. Rad1 d5 (11... d6 $5
$16) 12. e5 $18 Ne4 $4 (12... Nd7 13. Qe3 $18) 13. Bxe7 (13. Nxe4 $142 dxe4 14.
Qxe4 $18) 13... Nxe7 14. Nxe4 dxe4 15. Bxe4 (15. Ng5 $142 $5 Bd5 16. Bxe4 h6
17. Bxd5 Qxd5 $18) 15... Bxe4 16. Qxe4 Qd5 (16... Nd5 17. Rc1 $18) 17. Qxd5 (
17. Qe2 $142 $5 $18) 17... Nxd5 $16 18. Nd2 a5 (18... b4 19. Rc1 Rfc8 20. Rc2
$16) 19. g3 (19. Rb1 Rfc8 $16) 19... Rfb8 {Black prepares the advance b4} (
19... b4 20. Rc1 $16) 20. Rc1 (20. Rb1 b4 21. Rfc1 g5 22. Nxc4 bxc3 23. bxc3
Rxb1 24. Rxb1 Nxc3 $16) 20... b4 21. Nxc4 (21. Kg2 h5 $16) 21... bxc3 22. bxc3
Rc8 23. Ne3 Nxc3 24. Rc2 Rc7 $4 (24... Nb5 $142 25. Rd2 Rd8 $16) 25. Kg2 $18
Rac8 (25... Nd5 26. Rxc7 Nxc7 27. Rb1 $18) 26. Rfc1 Kf8 (26... h5 27. Nd1 Nb5
28. Rxc7 Rxc7 29. Rxc7 Nxc7 30. Kf3 $18) 27. Nd1 Nd5 28. Rxc7 Rxc7 29. Rxc7
Nxc7 30. Kf3 Ke8 31. Nc3 Kd7 32. Ke4 Kc6 33. f4 Nd5 (33... Na6 34. f5 Nb4 $18)
34. Nxd5 exd5+ 35. Kd3 Kb5 (35... Kd7 36. Kc3 Ke6 $18) 36. f5 Kc6 37. Kc3 h5
38. h3 Kb5 39. g4 hxg4 40. hxg4 Kc6 41. g5 g6 42. fxg6 (42. e6 Kd6 43. exf7 Ke7
44. fxg6 Kf8 45. Kd2 a4 46. Ke3 Kg7 47. Kf4 Kf8 48. Ke5 Ke7 49. Kxd5 a3 50. Ke5
Kf8 51. d5 Ke7 52. d6+ Kd7 53. f8=Q Kc6 54. Qb8 Kc5 55. d7 Kc6 56. d8=Q Kc5 57.
Qd5#) 42... fxg6 43. Kb3 Kd7 (43... Kb5 44. Ka3 a4 45. Kb2 Kb6 46. Kc3 Kb5 47.
a3 Kc6 48. Kb4 Kd7 49. Kxa4 Kc6 50. Kb4 Kd7 51. a4 Kc6 52. a5 Kd7 53. a6 Ke6
54. a7 Kf5 55. a8=Q Kxg5 56. Qf8 Kh5 57. e6 g5 58. e7 g4 59. e8=Q+ Kh4 60. Qe3
g3 61. Qfh6+ Kg4 62. Qef4#) 44. Ka4 Ke6 45. Kxa5 Kf5 46. Kb5 Kxg5 47. a4 1-0

[Event "SCC Swiss"]
[Site "?"]
[Date "1992.12.04"]
[Round "?"]
[White "Bailey, B."]
[Black "Kirk, S."]
[Result "1-0"]
[WhiteElo "1878"]
[BlackElo "1760"]
[Annotator "Stockfish 14 (15s)"]
[PlyCount "61"]

{B56: Classical Sicilian: Unusual Lines} 1. e4 c5 2. Nf3 d6 3. d4 cxd4 4. Nxd4
Nf6 5. Nc3 e5 6. Nf3 Be7 7. Bc4 O-O 8. Bg5 Be6 9. Bxe6 $146 (9. Qd3 Nh5 10. Be3
Nc6 11. Bb3 Na5 12. Bd5 Rc8 13. Nd2 Bg5 14. O-O Bxe3 15. fxe3 Qb6 16. Na4 Qc7
17. Rac1 Bxd5 18. exd5 Nc4 19. Nxc4 Qxc4 20. Qxc4 Rxc4 21. b3 Rc7 22. c4 Nf6
23. Nc3 a6 {Degerman,L (2485)-Bator,R (2425) Stockholm 1995 0-1 (53)}) (9. Bb3
Nbd7 10. O-O Nc5 11. Bxf6 Bxf6 12. Bd5 Qd7 13. Qd2 Rac8 14. Rad1 Be7 15. Rfe1
Bg4 16. Qe3 Ne6 17. Bxe6 Qxe6 18. h3 Bh5 19. g4 Bg6 20. Qxa7 h5 21. Nh2 Bg5 22.
Re2 Bf4 23. f3 f5 {Moroz,A (2498)-Uhlar,J Pardubice 2004 1-0 (39)}) (9. Bxf6
Bxc4 10. Nd2 Be6 11. Bxe7 Qxe7 $11) 9... fxe6 $15 10. Qd2 (10. O-O Nbd7 $15)
10... Nbd7 11. O-O Rc8 12. Be3 (12. Bxf6 Rxf6 13. a4 $15) 12... a6 (12... h6
$142 $5 $17) 13. Ng5 $14 Qe8 $2 (13... Nc5 $142 14. Bxc5 dxc5 $14) 14. Nxe6 $18
Qh5 $4 (14... Rf7 $142 15. Ng5 Rf8 $18) 15. Nxf8 Rxf8 (15... Bxf8 16. a4 $18)
16. f3 (16. Nd5 Qf7 17. Nxe7+ Qxe7 $18) 16... h6 (16... Qf7 17. a4 $18) 17. Nd5
Nxd5 18. Qxd5+ Kh8 (18... Rf7 19. Qxb7 Nc5 20. Qd5 $18) 19. Qxb7 Rd8 20. Qxa6
g5 (20... Bg5 21. Bxg5 Qxg5 22. Qxd6 $18) 21. g4 Qg6 22. Kg2 (22. a4 h5 23. h3
hxg4 24. hxg4 Kg7 $18) 22... h5 (22... Nf6 23. h3 d5 24. Rad1 $18) 23. h3 Nf6
24. Qd3 (24. a4 $142 $5 Kg7 $18) 24... d5 25. exd5 e4 (25... Qxd3 26. cxd3 Nxd5
$18) 26. fxe4 Nxe4 27. Bd4+ Kg8 28. Rae1 Qd6 29. Qxe4 h4 (29... Qxd5 30. Qxd5+
Rxd5 31. Rxe7 Rxd4 32. gxh5 Rd6 33. Kg3 g4 34. Kxg4 Rc6 35. Kg5 Rc5+ 36. Rf5
Rxf5+ 37. Kxf5 Kf8 38. Kf6 Kg8 39. Re8+ Kh7 40. h6 Kxh6 41. Rh8#) 30. Qe5 (30.
Rf3 Bf8 31. Qf5 Qd7 32. Qxg5+ Bg7 33. Re7 Qxe7 34. Qxe7 Bxd4 35. Qxd8+ Kh7 36.
Rf7+ Bg7 37. Qf8 Kh6 38. Qxg7#) 30... Qg6 31. Qh8# 1-0

[Event "SCC Swiss"]
[Site "?"]
[Date "1992.12.18"]
[Round "?"]
[White "Dietsch, C."]
[Black "Bailey, B."]
[Result "1/2-1/2"]
[WhiteElo "1827"]
[BlackElo "1878"]
[Annotator "Stockfish 14 (15s)"]
[PlyCount "120"]

{C21: Danish Gambit} 1. e4 e5 2. d4 exd4 3. Nf3 Bb4+ 4. Nbd2 (4. Bd2 Bxd2+ 5.
Qxd2 Qe7 6. Qxd4 Nf6 7. Nc3 Nc6 8. Qe3 O-O 9. O-O-O d6 10. Bc4 Ne5 11. Nxe5
dxe5 12. f3 c6 13. a3 b5 14. Ba2 a5 15. Rd2 a4 16. Rhd1 c5 17. Ne2 c4 18. Kb1
Bf5 {Edelman,D (2330)-Wolff,P (2380) USA 1987 1/2-1/2}) 4... Nc6 5. Bb5 $146 (
5. Bd3 d6 6. O-O Bg4 7. h3 Bxd2 8. Bxd2 Bxf3 9. Qxf3 Ne5 10. Qg3 Nf6 11. f4 Nh5
12. Qf2 Nxd3 13. cxd3 c5 14. Qf3 g6 15. f5 Qd7 16. f6 O-O-O 17. Qg4 Rde8 18.
Qxd7+ Kxd7 19. Rf3 d5 {Kurth,J-Heger,R Germany 1989 1/2-1/2 (61)}) (5. Bc4 Na5
6. Bd3 d5 7. O-O Bxd2 8. Bxd2 dxe4 9. Bxe4 Nf6 10. Re1 c5 11. Bxb7+ Be6 12.
Bxa5 Qxa5 13. Bxa8 O-O 14. Be4 c4 15. Nxd4 Nxe4 16. Rxe4 Bd5 17. Re5 Rd8 18.
Nc6 Qc7 19. Qxd5 h6 {Aristotelous,V-Poietis,S Cyprus 2000 1-0}) (5. Bd3 d6 $11)
5... Nf6 (5... a6 6. Bd3 $15) 6. O-O O-O 7. e5 Ng4 8. Nc4 Bc5 9. h3 d5 10. exd6
Nf6 11. dxc7 Qxc7 12. Bg5 (12. Re1 h6 $14) 12... Ne4 $11 13. Ncd2 (13. Bh4 Re8
14. Re1 Bf5 $11) 13... Nxg5 14. Nxg5 Qf4 (14... h6 15. Ngf3 $11) 15. Nge4 Bb4
16. Bxc6 bxc6 17. a3 Ba5 18. b4 Bc7 19. Ng3 Bf5 (19... c5 $5 $11) 20. Nf3 Rfd8
21. Nxf5 Qxf5 22. Qd3 Qxd3 23. cxd3 a5 24. Rac1 axb4 25. axb4 (25. Rxc6 $143
Rdc8 26. Nxd4 bxa3 $15) 25... Bd6 26. Nxd4 Bh2+ 27. Kxh2 Rxd4 28. Rxc6 Rxb4 29.
Ra1 $5 Rd8 (29... Rxa1 30. Rc8# {Mate attack Deflection}) (29... -- $140 30.
Rxa8+ {Mate threat}) 30. Ra7 (30. Rd6 Re8 $14) 30... g6 (30... h5 31. Rc4 Rxc4
32. dxc4 $11) 31. Rcc7 (31. g3 Kg7 $14 (31... Rxd3 $4 32. Rf6 $18)) 31... Rf4
$11 32. Rd7 Rxd7 33. Rxd7 Rxf2 34. Kg3 Rd2 35. Kf3 Kg7 36. g4 Kf6 37. h4 Ke6
38. Rd8 h5 39. g5 f6 40. gxf6 Kxf6 41. Rd4 Rd1 42. Ke2 Rg1 43. Re4 g5 44. hxg5+
Rxg5 45. Kd2 Rg4 46. Re8 h4 47. Kc3 h3 48. Rh8 Rg3 49. Kd4 Kg5 50. Ke4 Rg4+ 51.
Ke5 Rg3 52. d4 Re3+ 53. Kd6 Kg4 54. d5 Kg3 55. Kd7 h2 56. d6 Re4 57. Rxh2 Kxh2
58. Kd8 Kg3 59. d7 Kf4 60. Kc7 Rd4 1/2-1/2

[Event "SCC Championship"]
[Site "?"]
[Date "1993.01.15"]
[Round "2"]
[White "Hinrichsen, G."]
[Black "Bailey, B."]
[Result "1-0"]
[WhiteElo "1916"]
[BlackElo "1878"]
[Annotator "Stockfish 12 (15s)"]
[PlyCount "49"]

{C24: Bishop's Opening: 2...Nf6} 1. e4 e5 2. Bc4 Nf6 3. d3 d5 4. exd5 Nxd5 5.
Nf3 Bg4 6. O-O Nc6 7. Re1 Be7 8. h3 Bxf3 9. Qxf3 Nf6 10. Bb5 (10. Be3 O-O 11.
Nc3 Qd7 12. Ne4 Nb4 13. Re2 Nbd5 14. Nxf6+ Nxf6 15. Bg5 b5 16. Bb3 Qd6 17. Rae1
Nd7 18. Bxe7 Qxe7 19. d4 c5 20. Bd5 Rad8 21. dxe5 Nb6 22. Be4 Qe6 23. b3 Rfe8
24. Bc6 Rf8 {Langnerova,K (1599)-Bejatovic,B (1599) Belfort 2005 1-0 (52)})
10... Qd6 11. Bxc6+ (11. Na3 Nd7 12. Nc4 Qb4 13. Bd2 Qxb5 14. a4 Qa6 15. c3 O-O
16. b4 Nd8 17. Nxe5 Nxe5 18. Rxe5 Bf6 19. Rf5 Qc6 20. Qg3 Qd6 21. Qf3 c6 22.
Re1 Be7 23. d4 Ne6 24. Qg4 g6 25. b5 Ng7 {
Hebert,J (2425)-Barbeau,S (2230) Quebec 1982 0-1 (62)}) 11... bxc6 12. Rxe5 O-O
$146 (12... Qxe5 13. Qxc6+ Kd8 14. Qxa8+ Kd7 15. Qxh8 Qe1+ 16. Kh2 Bd6+ 17. f4
Qxc1 18. Qxg7 Bxf4+ 19. g3 Qxc2+ 20. Nd2 Qxd2+ 21. Kh1 Qxb2 22. Re1 Be5 23.
Qxf7+ Kd6 24. Qc4 Nh5 25. Rxe5 Nxg3+ 26. Kg1 Qxe5 27. Qa6+ {
Garcia Lorenzo,R (2158)-Del Pozo Martinez,A (1931) Totana 2003 0-1 (50)}) (
12... Qxe5 $142 13. Qxc6+ Kd8 $19) 13. Qe2 (13. Re2 Rab8 $18) 13... Nd5 14. Nd2
Bf6 (14... Rae8 15. Nc4 Qd7 16. Bd2 $18) 15. Nc4 Qd7 16. Re4 Rab8 17. c3 c5 18.
Be3 Nxe3 (18... Be7 19. Qf3 $18) 19. Qxe3 (19. fxe3 $6 g6 $18) (19. Nxe3 $143
Rbd8 20. Ng4 Bg5 $18) 19... Rfd8 (19... Qb5 20. Qg3 Qd7 21. Qe3 $18) 20. Qxc5
Qxd3 21. Rae1 h6 (21... a6 22. Qxc7 h5 23. Qf4 $18) 22. Qxc7 (22. Qxa7 Qd7 23.
Qe3 h5 $18) 22... Rbc8 23. Qf4 Bg5 24. Qf5 g6 (24... Qxc4 25. Rxc4 Rxc4 $18)
25. Re8+ $1 (25. Re8+ Rxe8 26. Rxe8+ Rxe8 27. Qxd3 $18) 1-0

[Event "SCC Championship"]
[Site "?"]
[Date "1993.01.22"]
[Round "3"]
[White "Bailey, B."]
[Black "Koprowitz, K."]
[Result "1-0"]
[WhiteElo "1878"]
[BlackElo "1402"]
[Annotator "Stockfish 12 (15s)"]
[PlyCount "73"]

{B19: Classical Caro-Kann: 4...Bf5 main line} 1. e4 c6 2. d4 d5 3. Nc3 dxe4 4.
Nxe4 Bf5 5. Ng3 Bg6 6. Nf3 Nd7 7. h4 h6 8. Bd3 Bxd3 9. Qxd3 Ngf6 10. O-O e6 11.
c4 (11. Re1 Qc7 12. c4 O-O-O 13. Qc3 c5 14. dxc5 Bxc5 15. Be3 Ng4 16. Bxc5 Nxc5
17. Ne5 Nxe5 18. Rxe5 Kb8 19. Re2 g5 20. hxg5 hxg5 21. Rd2 Rc8 22. Qf6 Ne4 23.
Nxe4 Qh2+ 24. Kf1 Qh1+ 25. Ke2 Qxa1 {
Kobzar,A (2096)-Znamensky,V (2353) St Petersburg 2005 0-1 (31)}) 11... Be7 $146
(11... Bd6 12. Ne2 O-O 13. Bd2 Re8 14. a3 e5 15. dxe5 Nxe5 16. Qb3 Ne4 17. Bf4
Nc5 18. Qc2 Nxf3+ 19. gxf3 Rxe2 20. Qxe2 Bxf4 21. Kg2 Qxh4 22. Rh1 Qg5+ 23. Kf1
Rd8 24. Rd1 Rxd1+ 25. Qxd1 Be5 26. b4 {
Fietz,D (2025)-Schnelle,L (1365) Duisburg 2006 0-1}) 12. b3 O-O 13. Bb2 Qc7 14.
Rac1 Rad8 15. Rfe1 Bd6 16. Ne4 Nxe4 17. Qxe4 (17. Rxe4 $4 Nc5 18. Qc2 Nxe4 19.
Qxe4 c5 $19) 17... Nf6 18. Qe2 Rfe8 19. g3 c5 20. Ne5 Nd7 (20... cxd4 21. Bxd4
Nd7 22. Nxd7 Rxd7 23. Qg4 $11 (23. Bxa7 $4 b6 $19)) 21. Nxd7 Qxd7 (21... Rxd7
22. Rcd1 $11) 22. dxc5 $14 Bxc5 23. Rcd1 Qc7 24. Be5 Bd6 (24... Qa5 $5 $11) 25.
Bxd6 Rxd6 26. Rxd6 Qxd6 27. Rd1 Qe7 28. Qd3 Qa3 (28... Qc7 29. Qd7 Re7 30. Qd8+
Kh7 31. Qd4 $14) 29. Qd7 $16 Qe7 $4 (29... Rf8 $142 $16) 30. Qa4 $18 Rd8 (30...
e5 31. Qxa7 f5 $18) 31. Rxd8+ Qxd8 32. Qxa7 Qd2 (32... b6 33. h5 f5 $18) 33.
Qxb7 Qxa2 (33... g5 34. hxg5 hxg5 35. a4 $18) 34. c5 Qb1+ 35. Kg2 Qc2 36. b4 e5
(36... Qc4 37. Qb8+ Kh7 38. Qf4 Qd5+ 39. Kh2 $18) 37. Qb8+ (37. Qb8+ Kh7 38.
Qxe5 $18) 1-0

[Event "SCC Championship"]
[Site "?"]
[Date "1993.02.05"]
[Round "4"]
[White "Lyons, W."]
[Black "Bailey, B."]
[Result "1-0"]
[WhiteElo "1783"]
[BlackElo "1905"]
[Annotator "Stockfish 12 (15s)"]
[PlyCount "97"]

{A03: Bird's Opening with 1...d5} 1. f4 d5 2. Nf3 Nf6 3. g3 g6 4. Bg2 Bg7 5. d3
c5 6. O-O Nc6 7. Na3 O-O 8. c3 Bd7 (8... Qc7 9. Nh4 d4 10. e4 dxe3 11. Bxe3 b6
12. Qe2 Ba6 13. c4 Rad8 14. Nc2 Ne8 15. Rab1 e6 16. a3 Nd4 17. Nxd4 Bxd4 18.
Bxd4 Rxd4 19. b4 Ng7 20. Nf3 Rd6 21. Ng5 {
1/2-1/2 (21) Haakert,J (2335)-Liebert,H (2380) Germany 1994}) 9. h3 Qc8 $146 (
9... Rc8 10. Qe1 Re8 11. Ne5 Be6 12. Nxc6 Rxc6 13. e4 h6 14. g4 dxe4 15. dxe4
Rb6 16. f5 gxf5 17. gxf5 Bc8 18. Nc4 Ra6 19. e5 Nd5 20. Qg3 b5 21. f6 exf6 22.
Bxh6 {1-0 (22) Carlberg,G (2125)-Andersson,B (1945) Umea 2003}) (9... Qc7 10.
g4 $15) 10. Kh2 $11 Re8 11. Ne5 Be6 12. Qe1 (12. e4 dxe4 13. Nxc6 Qxc6 $11 (
13... bxc6 $2 14. dxe4 Rd8 15. Qc2 $16)) 12... Nd7 (12... Nxe5 $5 13. fxe5 Nd7
$15) 13. Nxc6 $11 Qxc6 14. g4 (14. e4 dxe4 15. dxe4 Rad8 $11) 14... Nb6 (14...
Qc7 15. Nb5 Qb6 16. Na3 $11) 15. Qf2 f5 16. g5 (16. gxf5 $142 Bxf5 17. c4 $14)
16... Rac8 17. Bd2 (17. e3 Rc7 $15) 17... a6 (17... Na4 18. Rab1 $15) 18. Rae1
(18. d4 Rc7 $15) 18... Qd7 (18... Na4 19. Rb1 Qd6 $15) 19. Nc2 $2 (19. b3 Na8
$15) 19... Bf7 $4 (19... Na4 $142 $5 20. Bc1 d4 $19) 20. e4 (20. b3 $5 $11)
20... dxe4 $17 21. dxe4 Nc4 (21... Bc4 $142 $5 22. Rg1 Bd3 $17) 22. Bc1 $15
fxe4 23. Bxe4 Nd6 24. Bf3 (24. Bg2 Bxa2 25. Ne3 a5 $17) 24... Bxa2 25. Ne3 Be6
(25... b5 26. Qg2 $15) 26. Ng4 (26. h4 $5 $11) 26... Bf5 27. Qg2 Rc7 (27... b5
28. h4 $17) 28. Ne5 (28. h4 b5 $11) 28... Qc8 29. h4 Nf7 (29... Bxe5 30. Rxe5
Nf7 31. Re3 $15) 30. Nxf7 Kxf7 31. h5 e6 32. Rd1 b6 33. h6 Bh8 $4 (33... Bf8
$142 $14) 34. Rd6 $18 b5 (34... Rd8 35. Rxb6 Re7 36. Qf2 $18) 35. Rfd1 b4 36.
Qd2 (36. cxb4 $142 $5 cxb4 37. Bc6 Rf8 $18) 36... bxc3 $6 (36... a5 37. Rb6 a4
$18) 37. bxc3 c4 (37... Kg8 38. Bc6 Rxc6 $18) 38. Be2 (38. Ba3 $142 Bd3 39. Re1
a5 $18) 38... e5 $4 (38... Bd3 $142 39. Bf3 Rd7 $16) 39. Rd8 (39. Bf3 $142 e4
40. Qd5+ Be6 41. Qxe4 $18) 39... Rxd8 $11 40. Qxd8 e4 $4 (40... exf4 $142 41.
Ba3 Bd3 $11) 41. Qd5+ $18 Qe6 (41... Be6 42. Qxe4 Bf5 $18) 42. Qa5 Rc8 (42...
Qc8 43. Ba3 Be6 $18) 43. Ba3 e3 44. Rd8 (44. Kg3 Bd3 45. Bf3 Qd7 46. Bd5+ Ke8
$18) 44... Qe4 (44... Be5 45. Rxc8 Bxf4+ 46. Kg1 Qxc8 47. Qb4 Bh2+ 48. Kxh2
Qc7+ 49. Kg2 Be4+ 50. Bf3 Bxf3+ 51. Kxf3 Qc6+ 52. Kxe3 Qe6+ 53. Kd4 Qg4+ 54.
Kc5 Qxg5+ 55. Kb6 $18) 45. Kg3 Qh1 (45... Bxc3 46. Rd7+ Ke8 47. Qxc3 Kxd7 $18)
46. Bxc4+ $1 Rxc4 (46... Rxc4 47. Rf8+ {Mate attack Deflection}) 47. Rf8+ Ke6
48. Re8+ Kf7 (48... Kd7 49. Re7+ Kc8 50. Qxa6+ Qb7 51. Qxb7+ Kd8 52. Qd5+ Bd7
53. Qxd7#) 49. Re7+ (49. Re7+ Kg8 50. Qd8#) 1-0

[Event "SCC Championship"]
[Site "?"]
[Date "1993.02.12"]
[Round "5"]
[White "Bailey, B."]
[Black "Bach, R."]
[Result "0-1"]
[WhiteElo "1905"]
[BlackElo "1704"]
[Annotator "Stockfish 12 (15s)"]
[PlyCount "38"]

{B00: Queen's Fianchetto Defence, Nimzowitsch Defence} 1. e4 Nc6 2. d4 e5 3. d5
Nce7 4. Nf3 Ng6 5. Nc3 Nf6 6. Qd3 $146 (6. Bg5 Be7 (6... Bc5 7. Be2 d6 8. Qd2
h6 9. Bxf6 Qxf6 10. Bb5+ Bd7 11. Bxd7+ Kxd7 12. O-O-O Qf4 13. Rhf1 Qxd2+ 14.
Nxd2 Rhf8 15. Na4 Bb6 16. Nxb6+ axb6 17. Kb1 f5 18. f3 f4 19. Rf2 {
1/2-1/2 (19) Silveira,S-Gatti,S Paysandu 2005}) 7. h4 h6 8. Bxf6 Bxf6 9. g4 d6
10. g5 hxg5 11. h5 Nf4 12. Ne2 Nxh5 13. Nfg1 g6 14. Ng3 Nxg3 15. Rxh8+ Bxh8 16.
fxg3 Bd7 17. Qe2 Qf6 18. O-O-O O-O-O 19. Qe3 Kb8 20. Qb3 b6 {
Alssema,E-Wesselink,S Hengelo 2002 0-1}) (6. Bd3 Bb4 7. O-O O-O 8. Ne2 d6 9. h3
Nh5 10. a3 Bc5 11. b4 Bb6 12. Bg5 Qe8 13. a4 a5 14. Bb5 Bd7 15. Bxd7 Qxd7 16.
c3 f5 17. exf5 Rxf5 18. Be3 Rxf3 19. Bxb6 cxb6 20. Nc1 Raf8 {
Pepe,M (2015)-Orlov,A (2391) Porto San Giorgo 2003 0-1}) (6. Be2 Bb4 7. Nd2 O-O
8. O-O c6 9. Ndb1 Re8 10. Be3 Nf4 11. Bf3 cxd5 12. Nxd5 N4xd5 13. exd5 e4 14.
Be2 Bd6 15. c4 Qc7 16. g3 Be5 17. Bd4 d6 18. Nc3 a6 19. b4 Bf5 20. Re1 Qd7 {
Bretsnajdr,V (2305)-Remmeke,H Dortmund 1990 1-0 (36)}) (6. h4 h5 $16) 6... a6 (
6... Bc5 $5 $11) 7. h4 $16 Bc5 (7... h5 $5 $16) 8. h5 Nf4 $4 (8... Ne7 $142 9.
Nxe5 d6 $16) 9. Bxf4 $18 exf4 10. Qd2 (10. e5 $142 Ng4 11. Ne4 $18) 10... Ng4
$15 11. Qxf4 $2 (11. Nd4 $142 Qf6 12. Nce2 $11) 11... Bxf2+ $19 12. Ke2 d6 13.
Nd1 Ba7 14. g3 $4 (14. Rh4 $142 Nh6 15. Kd2 $19) 14... O-O 15. Bh3 (15. h6 g6
16. Bg2 f5 $19) 15... f5 16. Qg5 (16. Kd2 fxe4 17. Qxe4 Bf5 $19) 16... Qe8 (
16... fxe4 17. Qxd8 exf3+ 18. Kd2 Rxd8 19. c4 $19) 17. Bxg4 (17. Nd2 h6 18. Qh4
$19) 17... Qxe4+ 18. Kd2 fxg4 19. Re1 Qxf3 (19... Qxf3 20. h6 g6 $19) 0-1